000 00308nam a2200097Ia 4500
001 1290442
005 20260417164515.0
008 260417s9999 xx 000 0 und d
245 0 _aKAHRAMAN TÜRK DENİZCİLERİ DERYALARA KILIÇ VURAN REİS ULUÇ REİS
_cİSMAİL BİLGİN
260 _bTİMAŞ ÇOCUK YAYINLARI
999 _c1290442
_d1290442